Los géneros cinematográficos: Géneros, escuelas, movimientos y corrientes en el cine.

Sparad:
Bibliografiska uppgifter
Huvudupphovsman: Pinel, Vincent (autor)
Övriga upphovsmän: Berthelot de la Glétais, Caterine (traductora), Dalmau, Rafael (asesoramiento)
Materialtyp: Bok
Publicerad: Barcelona, España: Ma Non Troppo; Ediciones Robinbook, 2009.
Serie:Cine.
Ämnen:
Taggar: Lägg till en tagg
Inga taggar, Lägg till första taggen!

MARC

LEADER 00000nam a22000007a 4500
003 CL-VaPUC
005 20250407202446.0
008 250313t2009 ||||| |||| 00| 0 eng d
999 |c 447325  |d 447323 
020 |a 978-84-96924-45-1 
040 |c Pontificia Universidad Católica de Valparaíso 
082 |a 791.436 PIN 2009 
100 |9 895479  |a Pinel, Vincent  |e autor 
245 |a Los géneros cinematográficos:  |b Géneros, escuelas, movimientos y corrientes en el cine. 
246 |a Un libro fundamental para comprender la evolución del séptimo arte.  |i Subtítulo de la cubierta 
260 |a Barcelona, España:  |b Ma Non Troppo;  |b Ediciones Robinbook,  |c 2009. 
300 |a 332 páginas:  |b fotografías. 
490 |a Cine. 
500 |a c.1-c.2. Instituto Arcos.08-01-2025. 
583 |c 20250313  |k Gabriela Rodríguez Cuevas 
650 0 |9 896802  |a Géneros cinematográficos 
650 0 |9 265166  |a Historia del cine 
650 0 |9 265198  |a Cinematografía 
700 |9 896794  |a Berthelot de la Glétais, Caterine  |e traductora 
700 |9 896795  |a Dalmau, Rafael  |e asesoramiento 
942 |2 ddc  |c BK  |n 0 
952 |0 0  |1 0  |2 ddc  |4 0  |6 791_436000000000000_PIN_2009  |7 0  |8 A  |9 601204  |a BIBINC  |b BIBINC  |d 2025-03-13  |e Instituto Arcos  |i 5666075  |o 791.436 PIN 2009  |p 5666075  |r 2025-03-13  |t 1  |w 2025-03-13  |y BK  |k IFP 
952 |0 0  |1 0  |2 ddc  |4 0  |6 791_436000000000000_PIN_2009  |7 0  |8 A  |9 601542  |a BIBINC  |b BIBINC  |d 2025-03-19  |e Instituto Arcos  |i 5666354  |o 791.436 PIN 2009  |p 5666354  |r 2025-03-19  |t 2  |w 2025-03-19  |y BK  |k IFP